| 000 | 00860cam a22002538a 4500 | ||
|---|---|---|---|
| 001 | 18085292 | ||
| 005 | 20150325153632.0 | ||
| 008 | 140328t2014 enka frb 001 0 eng d | ||
| 020 | _a9780124172913 | ||
| 040 |
_aDLC _cDLC _dEG-ScBUE |
||
| 082 | 0 | 0 |
_a621.4028 _222 _bKAL |
| 100 | 1 |
_aKalaiselvam, S. _937487 |
|
| 245 | 1 | 0 |
_aThermal energy storage technologies for sustainability : _bsystems design, assessment, and applications / _cby S. Kalaiselvam, R. Parameshwaran. |
| 260 |
_aLondon : _bAcademic Press, Elsevier, _cc.2014. |
||
| 300 |
_axiv, 430 p. : _bill. ; _c24 cm. |
||
| 500 | _aIncludes index. | ||
| 504 | _aIncludes bibliographical references. | ||
| 650 | 0 |
_aHeat storage devices. _937484 |
|
| 650 | 0 |
_aHeat storage. _937485 |
|
| 653 |
_bENGGEN _cMarch2015 |
||
| 655 |
_vreading book _934232 |
||
| 700 | 1 |
_aParameshwaran, R. _937486 |
|
| 942 | _2ddc | ||
| 999 |
_c19121 _d19093 |
||